000 00542 a2200181 4500
001 ART_8374
005 20260410161640.0
008 260409a
245 1 0 _aImpuesto a la Herencia y la Transmisión Gratuita de Bienes
100 1 _aAiub, Eva
700 1 _aBlanco, José
700 1 _aJanuszewski, Karina
700 1 _aMoreno, Carolina
700 1 _aRebolo, María del Carmen
700 1 _aRosello, Roberto
700 1 _aTaub, Isidoro L.
773 0 _tConsultor tributario
_g- Vol. 3, Nº 35 (ene. 2010)
_wREV474
999 _c13244
_d13244